000 00987cam a2200241 4500
001 L129379
008 050414n2003 000 0 eng u
020 _a186081638X
035 _a(Sirsi) u129379
041 _aeng
050 _a690.16
_c18
100 _aDoran, Sean M.
245 _aMasonry walls and beam and block floors
260 _aWatford
_bBRE
_c2003
300 _a24p.
_c30cm.
350 _a12
490 _aBRE Special Digest
_vSD4
520 _aExplains how the requirements of the building regulations for conservation of fuel and power may be satisfied using aggregate concrete blocks. It gives information on the relevant regulations, showing various routes to compliance, together with a number of examples involving aggregate concrete block constructions.
520 _aSuperseded by 2007 edition (ISBN 9781860819803).
690 _aBUILT ENVIRONMENT-BUILDING ELEMENTS-COMPLETE BUILDING ELEMENTS
710 _aBuilding Research Establishment
942 _n0
999 _c104167
_d104167